|
|
|
|
| LEADER |
00000naa0a2200000 4500 |
| 001 |
598836 |
| 005 |
20250403091543.0 |
| 035 |
|
|
|a (RuTPU)RU\TPU\tpu\22635
|
| 035 |
|
|
|a RU\TPU\tpu\19379
|
| 090 |
|
|
|a 598836
|
| 100 |
|
|
|a 20130204d1987 k y0rusy50 ca
|
| 101 |
0 |
|
|a rus
|
| 102 |
|
|
|a RU
|
| 200 |
1 |
|
|a Высокотемпературная нитридокерамическая изоляция
|f В. П. Черненко [и др.]
|
| 330 |
|
|
|a Исследовано ρ и связь его со структурными особенностями графитоподобного нитрида бора (α-BN), полученного газофазным осаждением-пиронитрида бора ПНБ, спеченного по обычной керамич. технологии и горячепрессованного, а также нитрида алюминия AlN, полученного по обычной керамич. технологии. Изучено влияние СаСО3, Y2O3 и парных добавок Mg B2O4 и CaZnO3 на эл-физич. св-ва AlN. Исследовано поведение нитридокерамич. материалов в сильных эл. полях
|
| 333 |
|
|
|a В фонде НТБ ТПУ отсутствует
|
| 463 |
|
|
|t Состояние и перспективы развития электрической изоляции
|o краткие тезисы докладов к Всесоюзному научно-техническому совещанию, Свердловск, 8-10 сент. 1987
|v С. 76-77
|d 1987
|
| 610 |
1 |
|
|a труды учёных ТПУ
|
| 701 |
|
1 |
|a Черненко
|b В. П.
|
| 701 |
|
1 |
|a Кабышев
|b А. В.
|c специалист в области электроэнергетики
|c профессор Томского политехнического университета, доктор физико-математических наук
|f 1958-
|g Александр Васильевич
|3 (RuTPU)RU\TPU\pers\27068
|9 12618
|
| 701 |
|
1 |
|a Касенов
|b В. К.
|
| 701 |
|
1 |
|a Лопатин
|b В. В.
|c электрофизик
|c доктор физико-математических наук, профессор Томского политехнического университета, заместитель директора по научной работе ИФВТ ТПУ
|f 1947-2015
|g Владимир Васильевич
|3 (RuTPU)RU\TPU\pers\20662
|9 8396
|
| 801 |
|
1 |
|a RU
|b 63413507
|c 20090812
|
| 801 |
|
2 |
|a RU
|b 63413507
|c 20130204
|g RCR
|
| 942 |
|
|
|c BK
|